|
|
|
|
| LEADER |
00000nab a2200000uu 4500 |
| 001 |
vtls011149767 |
| 003 |
SK-MaSNL |
| 005 |
20260303121404.0 |
| 008 |
230131|2009 xo |||||||||||||||||cze| |
| 015 |
|
|
|a SNBRB
|
| 035 |
|
|
|a (urnnbn)urn:nbn:sk:snk:ar-a09ze5
|
| 035 |
|
|
|a (uuid)01b8bb29-af26-4a43-b841-83dafca8e8b6
|
| 035 |
|
|
|a urn:nbn:sk:snk-abazko
|
| 040 |
|
|
|a SNKBUCL
|b slo
|c SNKBUCL
|e AACR2
|
| 041 |
0 |
|
|a cze
|
| 044 |
|
|
|a xo
|c SK
|
| 100 |
1 |
|
|a Skřičková, E.
|4 aut
|9 1135016
|
| 245 |
1 |
0 |
|a Program řízené ambulantní rehabilitace u pacientů po operaci chlopenních srdečních vad
|c E. Skřičková, F. Štětka, R. Souček, R. Vysoký, S. Nehyba, Š. Chaloupková, V. Chaloupka
|
| 700 |
1 |
|
|a Štětka, F.
|4 aut
|9 1135017
|
| 700 |
1 |
|
|a Souček, R.
|4 aut
|9 1134480
|
| 700 |
1 |
|
|a Vysoký, R.
|4 aut
|9 1091728
|
| 700 |
1 |
|
|a Nehyba, S.
|4 aut
|9 778619
|
| 700 |
1 |
|
|a Chaloupková, Š.
|4 aut
|9 1134139
|
| 700 |
1 |
|
|a Chaloupka, V.
|4 aut
|9 433338
|
| 773 |
0 |
|
|t Vnitřní lékařství : časopis Internistické sekce Československé lékařské společnosti J. E. Purkyně
|g Roč. 55, č. 12 (2009), s. 1118-1125
|
| 954 |
|
|
|a odborná, vedecká literatúra cudzojazyčná (svetová)
|2 lita
|
| 958 |
|
|
|a OND
|
| 958 |
|
|
|a EUIPO
|
| 958 |
|
|
|a article14
|
| 999 |
|
|
|c 1915074
|d 1917004
|